000 00320nam a2200133Ia 4500
008 100122s9999 xx 000 0 und d
082 _b14690
_a50
245 _aDASHA AVATAR/SHIV PARVATI
250 _a1
300 _a60
630 _aDASHA AVATAR/SHIV PARVATI
730 _aDASHA AVATAR/SHIV PARVATI
942 _cBOOK
999 _c390460
_d390457